कॅप्टन हरला (Record no. 451418)

MARC details
000 -LEADER
fixed length control field 00440nam a2200145Ia 4500
008 - FIXED-LENGTH DATA ELEMENTS--GENERAL INFORMATION
fixed length control field 100204s9999 xx 000 0 und d
082 ## - DEWEY DECIMAL CLASSIFICATION NUMBER
Item number 6980
100 ## - MAIN ENTRY--PERSONAL NAME
Personal name चव्हाण बियान
245 ## - TITLE STATEMENT
Title कॅप्टन हरला
260 ## - PUBLICATION, DISTRIBUTION, ETC. (IMPRINT)
Name of publisher, distributor, etc "सरस प्रकाशन, ठाणे"
Date of publication, distribution, etc 1985
300 ## - PHYSICAL DESCRIPTION
Extent 207
630 ## - SUBJECT ADDED ENTRY--UNIFORM TITLE
Uniform title कॅप्टन हरला
730 ## - ADDED ENTRY--UNIFORM TITLE
Uniform title कॅप्टन हरला
942 ## - ADDED ENTRY ELEMENTS (KOHA)
Koha item type Book
Holdings
Withdrawn status Lost status Damaged status Not for loan Home library Current library Date acquired Cost, normal purchase price Total Checkouts Full call number Barcode Date last seen Cost, replacement price Price effective from Koha item type Public note
  Missing from bundle     N. C. Kelkar Sarvajanik Library, Mulund N. C. Kelkar Sarvajanik Library, Mulund 02/04/2010 40.00   6980 NCKMULUND-6980 02/04/2010 40.00 02/04/2010 Book 1)गहाळ